[Event "SLO-chT 32nd"]
[Site "Ljubljana"]
[Date "2022.09.10"]
[Round "5.5"]
[White "Guid, Matej"]
[Black "Stucl, Bozo"]
[Result "0-1"]
[WhiteElo "2292"]
[BlackElo "2217"]
[PlyCount "78"]
[EventDate "2022.09.02"]
[EventType "team-tourn"]
[EventRounds "9"]
[EventCountry "SLO"]
[SourceTitle "EXT 2023"]
[Source "ChessBase"]
[SourceDate "2022.10.05"]
[SourceVersion "1"]
[SourceVersionDate "2022.10.05"]
[SourceQuality "1"]
[WhiteTeam "Trebnje BMP"]
[BlackTeam "Celje"]
[WhiteTeamCountry "SLO"]
[BlackTeamCountry "SVK"]

1. e4 e6 2. d4 d5 3. e5 c5 4. c3 Qb6 5. Nf3 Bd7 6. Nbd2 cxd4 7. Nxd4 Nc6 8. N2f3 Nxd4 9. Qxd4 Qxd4 10. Nxd4 Ne7 11. f4 a6 12. Be3 Nc6 13. Nb3 f6 14. Bd4 fxe5 15. Bxe5 Nxe5 16. fxe5 Be7 17. Bd3 0-0 18. Ke2 Rac8 19. Rhf1 g6 20. g3 Rxf1 21. Rxf1 Bf8 22. Nd4 Bg7 23. Nf3 Rc6 24. Ke3 Bh6+ 25. Kd4 Bf8 26. b4 Be7 27. Rc1 Bxb4 28. Bf1 Rc8 29. Kd3 Bf8 30. Nd4 Kf7 31. Rb1 Rc7 32. Bh3 Bc5 33. Nf3 Ke7 34. Kd2 h6 35. Bg4 b5 36. Rf1 b4 37. Nh4 bxc3+ 38. Kxc3 d4+ 39. Kb2 Rb7+ 0-1

[Event "SLO-chT 32nd"]
[Site "Ljubljana"]
[Date "2022.09.03"]
[Round "2.2"]
[White "Stucl, Bozo"]
[Black "Suta, Andraz"]
[Result "1/2-1/2"]
[WhiteElo "2217"]
[BlackElo "2251"]
[PlyCount "68"]
[EventDate "2022.09.02"]
[EventType "team-tourn"]
[EventRounds "9"]
[EventCountry "SLO"]
[SourceTitle "EXT 2023"]
[Source "ChessBase"]
[SourceDate "2022.10.05"]
[SourceVersion "1"]
[SourceVersionDate "2022.10.05"]
[SourceQuality "1"]
[WhiteTeam "Celje"]
[BlackTeam "Ptuj"]
[WhiteTeamCountry "SVK"]
[BlackTeamCountry "SLO"]

1. e4 e5 2. Nc3 Nc6 3. g3 Nf6 4. Bg2 Bb4 5. Nge2 0-0 6. 0-0 Re8 7. a3 Bf8 8. h3 Nd4 9. d3 c6 10. f4 Nxe2+ 11. Qxe2 Qb6+ 12. Kh2 d5 13. f5 dxe4 14. dxe4 Rd8 15. g4 Ne8 16. g5 g6 17. h4 Qc7 18. f6 h5 19. gxh6 Rd6 20. Bg5 Qd7 21. Rad1 Qg4 22. Qf2 Be6 23. b3 Rad8 24. Rxd6 Nxd6 25. Qxa7 Bxh6 26. Rd1 Bxg5 27. hxg5 Qxg5 28. Rxd6 Rxd6 29. Qb8+ Kh7 30. Qxd6 Qh4+ 31. Kg1 Qe1+ 32. Kh2 Qh4+ 33. Kg1 Qe1+ 34. Kh2 Qh4+ 1/2-1/2

[Event "SLO-chT1 East"]
[Site "Celje"]
[Date "2014.10.19"]
[Round "9"]
[White "Stucl, Bozo"]
[Black "Bratkovic, Sham"]
[Result "1/2-1/2"]
[WhiteElo "2265"]
[BlackElo "2093"]
[PlyCount "63"]
[EventDate "2014.10.09"]
[EventType "team-tourn"]
[EventRounds "9"]
[EventCountry "SLO"]
[SourceTitle "EXT 2019"]
[Source "ChessBase"]
[SourceDate "2018.10.10"]
[SourceVersion "1"]
[SourceVersionDate "2018.10.10"]
[SourceQuality "1"]
[WhiteTeam "Celje"]
[BlackTeam "Maribor ZSK II"]
[WhiteTeamCountry "SLO"]
[BlackTeamCountry "SLO"]

1. d4 d5 2. Nf3 Nf6 3. e3 c6 4. c4 e6 5. Nc3 Nbd7 6. Be2 dxc4 7. Bxc4 b5 8. Bd3 Bb7 9. 0-0 a6 10. b3 c5 11. Bb2 Be7 12. Qe2 0-0 13. Rac1 Rc8 14. Rfd1 Qb6 15. Ne5 Rfd8 16. Nxd7 Nxd7 17. Be4 Nf6 18. Bxb7 Qxb7 19. dxc5 Bxc5 20. h3 Bb4 21. Rxd8+ Rxd8 22. Rd1 Rxd1+ 23. Qxd1 Qd7 24. Qxd7 Nxd7 25. Kf1 f5 26. Ke2 Kf7 27. Nd1 g6 28. f3 Ke7 29. Nf2 Bd6 30. Nd3 Nc5 31. Nxc5 Bxc5 32. Kd3 1/2-1/2

[Event "SLO-chT1 East"]
[Site "Celje"]
[Date "2014.10.09"]
[Round "1"]
[White "Povse, Martin"]
[Black "Stucl, Bozo"]
[Result "1/2-1/2"]
[WhiteElo "2081"]
[BlackElo "2265"]
[PlyCount "22"]
[EventDate "2014.10.09"]
[EventType "team-tourn"]
[EventRounds "9"]
[EventCountry "SLO"]
[SourceTitle "EXT 2019"]
[Source "ChessBase"]
[SourceDate "2018.10.10"]
[SourceVersion "1"]
[SourceVersionDate "2018.10.10"]
[SourceQuality "1"]
[WhiteTeam "Milan Majcen Sevnica"]
[BlackTeam "Celje"]
[WhiteTeamCountry "SLO"]
[BlackTeamCountry "SLO"]

1. e4 e6 2. d4 d5 3. Nd2 c5 4. exd5 exd5 5. Ngf3 Nc6 6. c3 cxd4 7. Nxd4 Nxd4 8. cxd4 Nf6 9. Bd3 Bd6 10. Qe2+ Qe7 11. Qxe7+ Bxe7 1/2-1/2

[Event "SLO-chT1 East"]
[Site "Sentjur"]
[Date "2013.10.17"]
[Round "1"]
[White "Stucl, Bozo"]
[Black "Rogulj, Branko"]
[Result "1/2-1/2"]
[WhiteElo "2243"]
[BlackElo "2405"]
[PlyCount "53"]
[EventDate "2013.10.17"]
[EventType "team-tourn"]
[EventRounds "9"]
[EventCountry "SLO"]
[SourceTitle "EXT 2015"]
[Source "ChessBase"]
[SourceDate "2014.11.20"]
[SourceVersion "1"]
[SourceVersionDate "2014.11.20"]
[SourceQuality "1"]

1. d4 Nf6 2. Nf3 g6 3. Bf4 Bg7 4. e3 d6 5. Be2 0-0 6. h3 Nfd7 7. 0-0 e5 8. Bh2 Nc6 9. c3 Qe7 10. a4 f5 11. Na3 e4 12. Nd2 Nf6 13. b4 Nd8 14. c4 Nf7 15. Nb5 a6 16. Nc3 Be6 17. a5 c6 18. Qb3 d5 19. Na4 Rad8 20. Nc5 dxc4 21. Bxc4 Bxc4 22. Nxc4 Nd5 23. Nb6 Rfe8 24. Rfe1 Kh8 25. Rad1 Ng5 26. Nc4 Nf7 27. Nb6 1/2-1/2

[Event "SLO-chT1 Ost"]
[Site "Maribor"]
[Date "2012.10.20"]
[Round "8"]
[White "Stucl, Bozo"]
[Black "Frangez, Simon"]
[Result "1-0"]
[WhiteElo "2262"]
[BlackElo "2134"]
[PlyCount "77"]
[EventDate "2012.10.11"]
[EventType "team-tourn"]
[EventRounds "9"]
[EventCountry "SLO"]
[SourceTitle "EXT 2022"]
[Source "ChessBase"]
[SourceDate "2021.10.06"]
[SourceVersion "1"]
[SourceVersionDate "2021.10.06"]
[SourceQuality "1"]

1. d4 e6 2. Nf3 Nf6 3. Bf4 b6 4. e3 Ba6 5. Bxa6 Nxa6 6. 0-0 Be7 7. h3 0-0 8. Qe2 Nb8 9. c4 Ne4 10. Rd1 f5 11. Nfd2 Nxd2 12. Nxd2 Bf6 13. Rac1 d6 14. b4 Nc6 15. a3 Ne7 16. Bg3 a5 17. b5 Ng6 18. c5 Qe7 19. cxd6 cxd6 20. Rc6 f4 21. Bh2 Rab8 22. Nf3 e5 23. dxe5 dxe5 24. exf4 exf4 25. Qc4+ Kh8 26. Bxf4 Nxf4 27. Qxf4 Qxa3 28. Qg4 Qb3 29. Rd7 Qxb5 30. Rxf6 Qb1+ 31. Kh2 Rg8 32. Rff7 Qg6 33. Qf4 Rbe8 34. Nh4 Qe4 35. Qxe4 Rxe4 36. Nf5 Re6 37. g4 Rf6 38. Rfe7 b5 39. Nxg7 1-0

[Event "SLO-chT1 Ost"]
[Site "Maribor"]
[Date "2012.10.19"]
[Round "6"]
[White "Stucl, Bozo"]
[Black "Dimitrijevic, Aleksandra"]
[Result "1-0"]
[WhiteElo "2262"]
[BlackElo "2280"]
[PlyCount "79"]
[EventDate "2012.10.11"]
[EventType "team-tourn"]
[EventRounds "9"]
[EventCountry "SLO"]
[SourceTitle "EXT 2022"]
[Source "ChessBase"]
[SourceDate "2021.10.06"]
[SourceVersion "1"]
[SourceVersionDate "2021.10.06"]
[SourceQuality "1"]

1. d4 d6 2. Nf3 Nf6 3. Bf4 c6 4. e3 Nbd7 5. h3 g6 6. Be2 Bg7 7. 0-0 0-0 8. c4 a6 9. Nc3 b5 10. a3 bxc4 11. Bxc4 c5 12. Qe2 Bb7 13. Rfd1 d5 14. Ba2 a5 15. dxc5 Nxc5 16. Rac1 Rc8 17. Be5 Ba6 18. Qc2 e6 19. Qb1 a4 20. Bd4 Qa5 21. Ne5 Nb3 22. Bxb3 axb3 23. Nd3 Rfe8 24. Be5 Rc4 25. Nb4 Rec8 26. Rd4 R4c5 27. Rcd1 Bc4 28. Bd6 Nd7 29. R4d2 f5 30. Bxc5 Nxc5 31. Qc1 Bxc3 32. Qxc3 Ne4 33. Qe5 Qb6 34. Rd4 Be2 35. Re1 Bc4 36. Rc1 Qd6 37. Rxe4 Qxe5 38. Rxe5 Kf7 39. Nxd5 Rc5 40. Rxc4 1-0

[Event "SLO-chT Central Superliga 10th"]
[Site "Slovenija"]
[Date "2009.09.24"]
[Round "2.2"]
[White "Stucl, Bozo"]
[Black "Skok, Boris"]
[Result "1-0"]
[WhiteElo "2260"]
[BlackElo "2081"]
[PlyCount "131"]
[EventDate "2009.09.17"]
[EventType "team-tourn"]
[EventRounds "9"]
[EventCountry "SLO"]
[SourceTitle "EXT 2022"]
[Source "ChessBase"]
[SourceDate "2021.10.06"]
[SourceVersion "1"]
[SourceVersionDate "2021.10.06"]
[SourceQuality "1"]
[WhiteTeam "IBM"]
[BlackTeam "Komenda Popotnik"]
[WhiteTeamCountry "SLO"]
[BlackTeamCountry "SLO"]

1. d4 d5 2. Nf3 Nf6 3. Bf4 c6 4. e3 Bg4 5. Nbd2 e6 6. h3 Bh5 7. c4 a5 8. a3 Nbd7 9. Bd3 Bg6 10. Bxg6 hxg6 11. 0-0 Be7 12. c5 0-0 13. b4 b5 14. a4 axb4 15. axb5 cxb5 16. Qb3 Ne4 17. Nxe4 dxe4 18. Ne5 Nxe5 19. Bxe5 Qd5 20. Qxb4 f6 21. Bg3 e5 22. Rxa8 Rxa8 23. dxe5 fxe5 24. Qxb5 Rc8 25. Qa6 Qc6 26. Qa1 Qxc5 27. Bxe5 Bf8 28. Bd4 Qd5 29. Rb1 Rc2 30. Qa4 Rc4 31. Qe8 Qc6 32. Rb8 Rc1+ 33. Kh2 Qxe8 34. Rxe8 Rf1 35. Kg3 Kf7 36. Rxe4 g5 37. Kf3 Bd6 38. Rg4 Be7 39. Ke2 Rc1 40. f4 gxf4 41. Rxg7+ Kf8 42. Rg4 fxe3 43. Kxe3 Rh1 44. Ke4 Re1+ 45. Kf5 Re2 46. Be5 Kf7 47. g3 Rh2 48. h4 Rh3 49. Rg7+ Kf8 50. Kg4 Rh1 51. Rg6 Kf7 52. h5 Bf8 53. Rf6+ Kg8 54. Ra6 Be7 55. Ra8+ Kf7 56. Ra7 Ke6 57. Bf4 Bc5 58. Ra6+ Kf7 59. Ra5 Bf8 60. Ra7+ Kg8 61. Kg5 Rb1 62. h6 Rb5+ 63. Kg6 Rb6+ 64. Kh5 Rb5+ 65. Bg5 Bb4 66. Kg6 1-0

[Event "SLO-chT 19th"]
[Site "Rogaska Slatina"]
[Date "2009.??.??"]
[Round "1"]
[White "Stucl, Bozo"]
[Black "Cigan, Stefan"]
[Result "0-1"]
[WhiteElo "2280"]
[BlackElo "2370"]
[PlyCount "76"]
[EventDate "2009.12.11"]
[EventType "team-tourn"]
[EventRounds "9"]
[EventCountry "SLO"]
[SourceTitle "CBM 133 Extra"]
[Source "ChessBase"]
[SourceDate "2010.01.05"]
[SourceVersion "1"]
[SourceVersionDate "2010.01.05"]
[SourceQuality "1"]
[WhiteTeam "Celjski"]
[BlackTeam "Radenska Pomgrad"]
[WhiteTeamCountry "SLO"]
[BlackTeamCountry "SLO"]

1. d4 Nf6 2. Nf3 e6 3. g3 b5 4. Bg2 Bb7 5. 0-0 c5 6. c3 d5 7. a4 b4 8. cxb4 cxb4 9. Bg5 Nbd7 10. Nbd2 Be7 11. Nb3 0-0 12. Qd3 Ne4 13. Bxe7 Qxe7 14. Na5 Rab8 15. Rfc1 Qd6 16. Nd2 f5 17. Ndb3 Ba6 18. Qe3 Rbc8 19. f3 Nef6 20. Bf1 Qb6 21. Rxc8 Rxc8 22. Rc1 Bc4 23. Qd2 Ne8 24. e3 Nd6 25. Nxc4 Nxc4 26. Qf2 Rc6 27. e4 fxe4 28. fxe4 Rc8 29. Nd2 Rf8 30. Nxc4 dxc4 31. Qe3 Ne5 32. Be2 Rd8 33. Rd1 Nc6 34. Bxc4 Nxd4 35. Kg2 Kh8 36. Qf4 Qc5 37. Rf1 Nc2 38. Rf3 Ne1+ 0-1

[Event "SLO-chT1 East"]
[Site "Celje"]
[Date "2008.12.12"]
[Round "2"]
[White "Stucl, Bozo"]
[Black "Ocepek, Martin"]
[Result "0-1"]
[WhiteElo "2280"]
[BlackElo "1950"]
[PlyCount "130"]
[EventDate "2008.11.20"]
[EventType "team-tourn"]
[EventRounds "9"]
[EventCountry "SLO"]
[SourceTitle "EXT 2010"]
[Source "ChessBase"]
[SourceDate "2010.11.25"]
[SourceVersion "1"]
[SourceVersionDate "2010.11.25"]
[SourceQuality "1"]

1. d4 d5 2. Nf3 Nf6 3. Bf4 e6 4. e3 Bd6 5. Bg3 Ne4 6. Nbd2 f5 7. Nxe4 fxe4 8. Ne5 0-0 9. Qg4 Qf6 10. 0-0-0 Nd7 11. f4 exf3 12. Nxf3 Qf5 13. Qh4 Qf6 14. c4 Qxh4 15. Bxh4 c6 16. Bd3 Nf6 17. Rhe1 dxc4 18. Bxc4 Nd5 19. Ne5 Bxe5 20. dxe5 Nb6 21. Bb3 Rf5 22. Bc2 Rf8 23. Rd4 Re8 24. Red1 Nd5 25. Kd2 c5 26. Rg4 Bd7 27. e4 Nb4 28. Bf6 g6 29. h4 Bb5 30. a3 Nxc2 31. Kxc2 Be2 32. Rg3 Bxd1+ 33. Kxd1 Kf7 34. h5 Rg8 35. hxg6+ Rxg6 36. Rh3 h6 37. g4 Rag8 38. Kc2 b5 39. Kb3 Rxf6 40. exf6 Kxf6 41. Rxh6+ Ke5 42. Rh5+ Kd4 43. g5 e5 44. a4 b4 45. a5 Rg7 46. a6 Rg6 47. Rh6 Rxg5 48. Rh7 Rg3+ 49. Ka4 Rg2 50. Rxa7 Rxb2 51. Kb5 Ra2 52. Rh7 Kxe4 53. Kxc5 Rxa6 54. Kxb4 Ke3 55. Rh8 e4 56. Rh3+ Kd2 57. Rh2+ Kd3 58. Kc5 e3 59. Rh8 Re6 60. Kd5 Re7 61. Ra8 e2 62. Ra3+ Kd2 63. Ra2+ Ke3 64. Ra3+ Kf2 65. Ra2 Kf1 0-1

[Event "SLO-chT1 East"]
[Site "Celje"]
[Date "2007.11.16"]
[Round "6"]
[White "Stucl, Bozo"]
[Black "Rajkovic, Radisa"]
[Result "1-0"]
[WhiteElo "2280"]
[BlackElo "2064"]
[PlyCount "143"]
[EventDate "2007.11.11"]
[EventType "team-tourn"]
[EventRounds "9"]
[EventCountry "SLO"]
[SourceTitle "EXT 2010"]
[Source "ChessBase"]
[SourceDate "2010.11.25"]
[SourceVersion "1"]
[SourceVersionDate "2010.11.25"]
[SourceQuality "1"]

1. d4 d5 2. Nf3 Nf6 3. c4 c6 4. Nc3 e6 5. e3 Nbd7 6. Be2 Bd6 7. 0-0 0-0 8. b3 dxc4 9. bxc4 e5 10. Qb3 Qe7 11. Re1 e4 12. Nd2 Re8 13. a4 c5 14. Ba3 a6 15. Nf1 h5 16. Red1 Nf8 17. a5 cxd4 18. Bxd6 Qxd6 19. Rxd4 Qe5 20. Nd5 Ne6 21. Rdd1 Nxd5 22. cxd5 Nc5 23. Qa3 Nd7 24. Nd2 Qxd5 25. Nc4 Qg5 26. Nd6 Rd8 27. Nxe4 Qh4 28. Rd4 Nf8 29. g3 Rxd4 30. gxh4 Rxe4 31. Bxh5 Rxh4 32. Bf3 Be6 33. Qe7 Rc4 34. Qxb7 Rac8 35. Qxa6 R8c5 36. Qd6 Bh3 37. Qd1 Ne6 38. a6 Nc7 39. a7 Kh7 40. Kh1 g6 41. Bg2 Bg4 42. Qf1 Rc2 43. a8Q Nxa8 44. Bxa8 Rf5 45. f4 Rh5 46. Bg2 Re2 47. Re1 Rb2 48. e4 Rc5 49. Qd3 Rcc2 50. Qg3 Rxg2 51. Qxg2 Rxg2 52. Kxg2 Kg7 53. Kg3 Be6 54. Ra1 Bc4 55. f5 Kf6 56. Kf4 gxf5 57. exf5 Bd3 58. Ra5 Kg7 59. Rd5 Bc2 60. Rd6 Bb3 61. Kg5 Bc4 62. h4 Bb3 63. Kf4 f6 64. h5 Bc4 65. h6+ Kxh6 66. Rxf6+ Kg7 67. Rc6 Bd5 68. Rc5 Bb3 69. Kg5 Ba2 70. Rc7+ Kf8 71. Kf6 Kg8 72. Ke7 1-0

[Event "SLO-chT1 East"]
[Site "Celje"]
[Date "2006.11.12"]
[Round "7"]
[White "Coklin, Marko"]
[Black "Stucl, Bozo"]
[Result "0-1"]
[WhiteElo "2192"]
[BlackElo "2291"]
[PlyCount "57"]
[EventDate "2006.11.04"]
[EventType "team"]
[EventRounds "9"]
[EventCountry "SLO"]
[SourceTitle "EXT 2008"]
[Source "ChessBase"]
[SourceDate "2007.11.25"]
[SourceVersion "1"]
[SourceVersionDate "2007.11.25"]
[SourceQuality "1"]

1. d4 d5 2. c4 c6 3. Nc3 Nf6 4. Bg5 Nbd7 5. cxd5 Nxd5 6. e4 Nxc3 7. bxc3 Qa5 8. Bd2 e5 9. Nf3 Bd6 10. Bc4 0-0 11. Qb3 h6 12. 0-0 Nb6 13. Bxf7+ Rxf7 14. c4 Rxf3 15. Bxa5 Rxb3 16. axb3 Nd7 17. Rad1 exd4 18. Rxd4 Be5 19. Rd3 Bf6 20. Re1 Nc5 21. Rdd1 Nxb3 22. e5 Be7 23. Bd8 Kf8 24. Re3 Nc5 25. Ra3 Ne6 26. Bxe7+ Kxe7 27. f4 a5 28. f5 Nf4 29. h4 0-1

[Event "SLO-chT East"]
[Site "Slovenia"]
[Date "2005.10.22"]
[Round "3.2"]
[White "Stucl, Bozo"]
[Black "Jug, Simon"]
[Result "1-0"]
[WhiteElo "2310"]
[BlackElo "2065"]
[PlyCount "93"]
[EventDate "2005.10.19"]
[EventType "team"]
[EventRounds "9"]
[EventCountry "SLO"]
[SourceTitle "EXT 2009"]
[Source "ChessBase"]
[SourceDate "2008.11.26"]
[SourceVersion "1"]
[SourceVersionDate "2008.11.26"]
[SourceQuality "1"]

1. d4 f5 2. Nc3 e6 3. g4 d6 4. gxf5 exf5 5. Nf3 Nf6 6. Qd3 g6 7. Bg5 h6 8. Qe3+ Kf7 9. Bxf6 Qxf6 10. Nd5 Qd8 11. h4 Rg8 12. Nf4 c6 13. Qb3+ d5 14. Ne5+ Kf6 15. Rg1 Bd6 16. Rxg6+ Rxg6 17. Nfxg6 Qb6 18. 0-0-0 Qxb3 19. axb3 Nd7 20. f4 Bxe5 21. Nxe5 Nxe5 22. fxe5+ Kf7 23. Bh3 Be6 24. Rg1 Rg8 25. Rxg8 Kxg8 26. Bg2 h5 27. e3 Kg7 28. Bf3 Bf7 29. Kd2 Kf8 30. Ke2 Kg7 31. Kf2 Kg6 32. Kg3 Bg8 33. Kf4 Be6 34. Be2 b5 35. b4 Kh6 36. Bd3 Kg6 37. c3 Bd7 38. e6 Bxe6 39. Ke5 Bd7 40. Kd6 Be8 41. Ke6 a6 42. Bxf5+ Kg7 43. Ke7 Bg6 44. Bd7 Be4 45. Bxc6 Kg6 46. Be8+ Kh6 47. Ke6 1-0

[Event "SLO-chT East"]
[Site "Slovenia"]
[Date "2005.10.19"]
[Round "1.1"]
[White "Brinovec, Dusan"]
[Black "Stucl, Bozo"]
[Result "1/2-1/2"]
[WhiteElo "2266"]
[BlackElo "2310"]
[PlyCount "32"]
[EventDate "2005.10.19"]
[EventType "team"]
[EventRounds "9"]
[EventCountry "SLO"]
[SourceTitle "EXT 2009"]
[Source "ChessBase"]
[SourceDate "2008.11.26"]
[SourceVersion "1"]
[SourceVersionDate "2008.11.26"]
[SourceQuality "1"]

1. d4 Nf6 2. Nf3 g6 3. Bg5 Bg7 4. c3 d5 5. Nbd2 0-0 6. e3 b6 7. b4 Nbd7 8. b5 Qe8 9. Be2 e5 10. 0-0 Bb7 11. a4 Ne4 12. Nxe4 dxe4 13. Nd2 h6 14. Bh4 g5 15. Bg3 Qe7 16. Qb3 Rad8 1/2-1/2

[Event "SLO-chT"]
[Site "Celje"]
[Date "2003.11.21"]
[Round "7"]
[White "Sax, Gyula"]
[Black "Stucl, Bozo"]
[Result "1-0"]
[WhiteElo "2520"]
[BlackElo "2336"]
[PlyCount "88"]
[EventDate "2003.11.17"]
[EventType "team-swiss"]
[EventRounds "9"]
[EventCountry "SLO"]
[SourceTitle "CBM 097 Extra"]
[Source "ChessBase"]
[SourceDate "2004.01.13"]
[SourceVersion "1"]
[SourceVersionDate "2004.01.13"]
[SourceQuality "1"]

1. e4 e6 2. d4 d5 3. Nd2 dxe4 4. Nxe4 Nf6 5. Nxf6+ Qxf6 6. Nf3 h6 7. Bd3 Nd7 8. Qe2 Bd6 9. Bd2 c6 10. 0-0-0 Bf4 11. g3 Bxd2+ 12. Rxd2 Nb6 13. Ne5 Bd7 14. f4 0-0-0 15. Rf1 g6 16. Rf3 h5 17. h4 Be8 18. Be4 Qe7 19. Ra3 Kb8 20. Rb3 Qc7 21. c4 f6 22. c5 fxe5 23. cxb6 axb6 24. dxe5 Bf7 25. Rbd3 Rxd3 26. Qxd3 Rg8 27. Qd7 Qxd7 28. Rxd7 Rf8 29. Re7 b5 30. b4 Ka7 31. Bxc6 Rc8 32. Rxb7+ Ka6 33. Rxf7 Rxc6+ 34. Kb2 Rc4 35. a3 Re4 36. Rf6 Re2+ 37. Kc1 Ra2 38. Rxe6+ Kb7 39. Rxg6 Rxa3 40. f5 Kc8 41. Kd2 Rb3 42. f6 Kd7 43. f7 Ke7 44. Rf6 Kf8 1-0

[Event "SLO Cup"]
[Site "Slovenia"]
[Date "2001.??.??"]
[Round "?"]
[White "Kecic, Stevan"]
[Black "Stucl, Bozo"]
[Result "0-1"]
[WhiteElo "2245"]
[BlackElo "2335"]
[PlyCount "135"]
[EventDate "2001.??.??"]
[EventType "team"]
[EventRounds "1"]
[EventCountry "SLO"]
[SourceTitle "EXT 2003"]
[Source "ChessBase"]
[SourceDate "2002.11.25"]
[SourceVersion "1"]
[SourceVersionDate "2002.11.25"]
[SourceQuality "1"]

1. e4 e6 2. d4 d5 3. Nc3 dxe4 4. Nxe4 Nf6 5. Nxf6+ Qxf6 6. Nf3 Qd8 7. Bg5 Be7 8. Qd2 b6 9. 0-0-0 Bb7 10. Bb5+ c6 11. Bd3 Bxg5 12. Nxg5 h6 13. Nf3 Nd7 14. Qf4 Nf6 15. Kb1 Qe7 16. h4 0-0-0 17. h5 Qc7 18. Qxc7+ Kxc7 19. Ne5 Rhf8 20. Be2 Nd7 21. f4 f6 22. Ng6 Rfe8 23. Bc4 c5 24. f5 e5 25. Bf7 cxd4 26. Bxe8 Rxe8 27. Rd2 Nc5 28. Re1 Ne4 29. Rd3 Bc6 30. Nh4 Rd8 31. Nf3 Nd6 32. Nh4 a5 33. g4 Ne4 34. Kc1 Ng5 35. c3 Bb5 36. Rg3 d3 37. Kd2 e4 38. Rge3 Bc6 39. a4 Rd7 40. b3 Bd5 41. c4 Bc6 42. Rf1 Kd6 43. Rf2 Kc5 44. Kc3 Bb7 45. Rd2 Bc6 46. Ra2 Bb7 47. Ra1 Bc6 48. Ng6 Nf3 49. Nf8 Re7 50. Ne6+ Kd6 51. Rxf3 exf3 52. Kxd3 Bd7 53. Nf4 Kc5 54. Rf1 Bc6 55. Ne6+ Kb4 56. Nd4 Be4+ 57. Kd2 Bb7 58. Kd3 Re8 59. Kd2 Re4 60. Nc2+ Kxb3 61. Rxf3+ Kb2 62. Rd3 Bc6 63. Rd6 Rxc4 64. Ne3 Rc5 65. Kd3 Kb3 66. Kd4 Kxa4 67. Nc4 Kb5 68. Nd2 0-1

[Event "Bled op 17th"]
[Site "Bled"]
[Date "1996.??.??"]
[Round "6"]
[White "Palac, Mladen"]
[Black "Stucl, Bozo"]
[Result "1/2-1/2"]
[WhiteElo "2545"]
[BlackElo "2295"]
[PlyCount "32"]
[EventDate "1996.03.??"]
[EventType "swiss"]
[EventRounds "9"]
[EventCountry "SLO"]
[SourceTitle "CBM 051 Extra"]
[Source "ChessBase"]
[SourceDate "1996.05.01"]
[SourceVersion "1"]
[SourceVersionDate "1996.05.01"]
[SourceQuality "1"]

1. e4 e6 2. d4 d5 3. Nc3 Nf6 4. Bg5 Be7 5. e5 Nfd7 6. Bxe7 Qxe7 7. f4 a6 8. Nf3 c5 9. dxc5 Nxc5 10. Qd2 Nc6 11. 0-0-0 b5 12. Qe3 b4 13. Ne2 0-0 14. Ned4 Nxd4 15. Nxd4 Ne4 16. Bd3 Bb7 1/2-1/2

[Event "Bled op 17th"]
[Site "Bled"]
[Date "1996.??.??"]
[Round "1"]
[White "Stucl, Bozo"]
[Black "Savchenko, Stanislav"]
[Result "1/2-1/2"]
[WhiteElo "2295"]
[BlackElo "2585"]
[PlyCount "125"]
[EventDate "1996.03.??"]
[EventType "swiss"]
[EventRounds "9"]
[EventCountry "SLO"]
[SourceTitle "CBM 051 Extra"]
[Source "ChessBase"]
[SourceDate "1996.05.01"]
[SourceVersion "1"]
[SourceVersionDate "1996.05.01"]
[SourceQuality "1"]

1. d4 Nf6 2. Nf3 c5 3. g3 cxd4 4. Nxd4 Nc6 5. Bg2 Qb6 6. c3 e6 7. 0-0 Be7 8. a4 0-0 9. Na3 Nxd4 10. Qxd4 Qxd4 11. cxd4 d5 12. Bd2 Bd7 13. Nb5 a6 14. Nc3 Rfc8 15. Rfc1 Rc4 16. e3 Rac8 17. Bf1 R4c7 18. a5 Bb4 19. Bd3 h5 20. h4 g6 21. Kf1 Kg7 22. Ke2 Ng8 23. Rd1 Ne7 24. Na4 Bxd2 25. Rxd2 Bxa4 26. Rxa4 Rc6 27. b4 Rc1 28. b5 axb5 29. Bxb5 Nf5 30. Bd3 Nh6 31. Rd1 Ng4 32. Rxc1 Rxc1 33. Ra2 Kf6 34. a6 bxa6 35. Bxa6 Rh1 36. Kf3 Rg1 37. Bc8 Kf5 38. Bd7 Kf6 39. Be8 Ke7 40. Bb5 Nh2+ 41. Ke2 Ng4 42. Kf3 Rb1 43. Bd3 Rd1 44. Be2 Rg1 45. Bb5 Kf8 46. Rb2 Kg7 47. Bd7 Nf6 48. Bb5 Kh6 49. Bd3 Rd1 50. Be2 Rc1 51. Kg2 Ne4 52. Bf3 Nd6 53. Ra2 Nf5 54. Be2 Rc3 55. Rd2 g5 56. hxg5+ Kxg5 57. Bd3 Nh6 58. Be2 Ng4 59. Bxg4 hxg4 60. Ra2 Kf5 61. Ra8 f6 62. Rd8 Ra3 63. Rf8 1/2-1/2

[Event "Bled op 17th"]
[Site "Bled"]
[Date "1996.??.??"]
[Round "5"]
[White "Stucl, Bozo"]
[Black "Truta, Srecko"]
[Result "1-0"]
[WhiteElo "2295"]
[BlackElo "2220"]
[PlyCount "69"]
[EventDate "1996.03.??"]
[EventType "swiss"]
[EventRounds "9"]
[EventCountry "SLO"]
[SourceTitle "CBM 051 Extra"]
[Source "ChessBase"]
[SourceDate "1996.05.01"]
[SourceVersion "1"]
[SourceVersionDate "1996.05.01"]
[SourceQuality "1"]

1. d4 c5 2. d5 g6 3. e4 Bg7 4. Nf3 d6 5. Be2 Nf6 6. Nc3 0-0 7. 0-0 Na6 8. Nd2 Nc7 9. a4 b6 10. Re1 Rb8 11. Nc4 Ba6 12. Bf4 Nd7 13. Qd2 Ne5 14. Nxe5 dxe5 15. Be3 Bxe2 16. Qxe2 Ne8 17. b3 Nd6 18. f3 Qc8 19. Nb5 a6 20. Na7 Qb7 21. Nc6 Ra8 22. a5 Nb5 23. axb6 Nd4 24. Bxd4 exd4 25. Qc4 e6 26. Qxc5 exd5 27. exd5 Rfe8 28. Na5 Qd7 29. b7 Rab8 30. Qc6 Red8 31. Rad1 Qf5 32. Qxa6 Qxc2 33. Nc6 Re8 34. Nxb8 Rxb8 35. Qc6 1-0